000 00296nam a2200109Ia 4500
008 170221s9999 xx 000 0 und d
100 _aCiorstan Smark
245 _aEditorial Volume 6 Issue 3
245 _cCiorstan Smark
650 _xBusiness
856 _uhttp://ro.uow.edu.au/aabfj/vol6/iss3/1/
999 _c307574
_d307574